| 000 | 00965cam a2200265 i 4500 | ||
|---|---|---|---|
| 999 |
_c129106 _d129106 |
||
| 001 | 808232 | ||
| 003 | ARRUPE | ||
| 005 | 20190305093344.0 | ||
| 008 | 750915s1974 fr b 001 0 fre | ||
| 010 | _a 75503245 | ||
| 015 | _aF*** | ||
| 020 | _c32.00F | ||
| 040 |
_aDLC _cDLC _dDLC |
||
| 050 | 0 | 0 |
_aBX3704.Z5 _bB548 |
| 082 | 0 | 0 | _a255/.53/02 |
| 100 | 1 |
_aBertrand, Dominique, _d1931- _944930 |
|
| 245 | 1 | 3 |
_aUn corps pour l'Esprit : _bessai sur l'expérience communautaire d'après les Constitutions de la Compagnie de Jésus / _cDominique Bertrand. |
| 260 |
_a[Paris] : _bDesclée, De Brouwer, _c[1974] |
||
| 300 |
_a240 p. ; _c20 cm. |
||
| 490 | 0 | _aCollection Christus : no 38 : Études | |
| 504 | _aIncludes bibliographical references and index. | ||
| 600 | 0 | 0 |
_aIgnatius, _cof Loyola, Saint, _d1491-1556. _tExercitia spiritualia. _944931 |
| 610 | 2 | 0 |
_aJesuits. _tConstitutiones. _xCommentaries _944932 |
| 906 |
_a7 _bcbc _corignew _d4 _encip _f19 _gy-gencatlg |
||
| 942 |
_2lcc _cMONOGRAPH |
||